| 000 | 01109nam a22002537a 4500 | ||
|---|---|---|---|
| 001 | sjds170039 | ||
| 003 | sjds | ||
| 005 | 20170529165244.0 | ||
| 008 | 170529b mx||||| |||| 00| 0 spa d | ||
| 020 | _a9786074480597 (pbk.) | ||
| 040 | _csjds | ||
| 041 |
_aspa _heng |
||
| 245 |
_aManual de publicaciones de la American Psychological Association : _bversión abreviada ; _c por Miroslava Guerra Frías. |
||
| 250 | _a traducción puesta al día según la sexta edición del inglés | ||
| 260 |
_aMéxico [etc] : _bEl Manual Moderno, _c2010. |
||
| 300 |
_aXII, 275 p. ; _c30 cm. |
||
| 520 | _aCómo escribir de manera concisa y sin discriminaciones. Puntuación ortografía y mayúsculas. Cursiva y abreviaturas. Números conversión al sistema métrico y material estadístico. Notas a pie de página apéndices y material complementario. Citación de las fuentes. Ejemplos de referencias. | ||
| 650 | _aPsicologia | ||
| 650 | _aRedacción de informes | ||
| 650 | _aCiencias sociales | ||
| 650 | _aPublicaciones | ||
| 710 | _aAmerican Psychological Association (Washington) | ||
| 942 |
_2ddc _cBK |
||
| 999 |
_c17338 _d17338 |
||